00441nam a2200157Ia 4500999001700000003000400017005001700021008004100038040001800079082001800097100002700115245004600142260004400188300000900232942004200241 c17217d17217OSt20200606120036.0190216s9999||||xx |||||||||||||| ||und|| cMESKC library a709.54bRAY/B aRay, Nihar Ranjan9396 0aBhartiya Kala Ke Ayam /cNihar Ranjan Ray bPoorvoday Prakashan,aNew Delhi:c1984. a212p cBK2ddch709.54iRAY/Bk709.54mRAY/B